| 000 | 01121nam a2200217 a 4500 | ||
|---|---|---|---|
| 001 | 47649 | ||
| 005 | 20180714031655.0 | ||
| 008 | 140415s1999 sp 000 0 spa d | ||
| 020 | _a8449306884 | ||
| 041 | _aspa | ||
| 082 |
_a302.23 _bNIG |
||
| 100 | 1 | _aNIGHTINGALE, VIRGINIA | |
| 245 | 1 | 3 |
_aEL ESTUDIO DE LAS AUDIENCIAS : _bEL IMPACTO DE LO REAL |
| 250 | _a1a ed. | ||
| 260 |
_aESPAÑA : _bPAIDOS IBERICA, _c1999 |
||
| 300 |
_a159 _c22 x 13.6 x 1.5 |
||
| 520 | _aESTE LIBRO PROPOCIONA UNA REVISIÓN CRÍTICA DE DOS DÉCADAS DE ESTUDIO SOBRE LAS AUDIENCIAS TELEVISIVA. CON EL DESARROLLO DE LOS MÉTODOS DE INVESTIGACIÓN ETNOGRÁFICA, CALIFICADA POR LOS EXPERTOS COMO LA MÁS INTERESANTE ESTA ETAPA DE LAS INDAGACIONES SOBRE LAS AUDIENCIAS, LOS INVESTIGADORES SE CENTRARON POR PRIMERA VES EN LOS ESPECTADORES QUE VEN HABITUALMENTE LA TELEVISIÓN, COMBINANDO ENTREVISTAS Y OBSERVACIÓN PARTICIPANTE CON ANÁLISIS TEXTUALES DE CIERTOS PROGRAMAS. | ||
| 650 | 1 | 4 |
_aMEDIOS DE COMUNICACION DE MASAS _xINVESTIGACION |
| 700 | 1 |
_aQUINTANA RAUL _etr. |
|
| 740 | _aSTUDYING AUDIENCIES. THE SHOCK OF THE REAL | ||
| 999 |
_c47649 _d47649 |
||